000
00226 a2200097 4500
001
45576
100
_a
Schuoon, F
245
_a
Islam and the peunmial philosophy
260
_a
Lahore
_b
Suhail academy
_c
090
_c
28738
_d
28738
942
_a
NUST-CAE
_c
M
_c
20822
999
_c
280649
_d
280649